00601nam a22001577a 4500041001200000082001700012100006700029245011900096260004000215300000800255650003100263700001600294942000700310952010900317999001700426 aEnglish a954.022bBRI a Firishtah, Muḥammad Qāsim Hindū Shāh Astarābādī a Get a Copy Find a copy in the library History of the rise of the Mohamedan power in India till the year A.D. 1612 aNew Delhi bAdam Publishers c2006. a342 aIslam -- India -- History. aJohn Briggs cBK 00104070aHMIbHMIcGENd2018-07-25g2400.00l0o954.022 BRI VOL IIp24361r2018-07-25w2026-01-16yBK c21237d21237